Central Library OPAC University of Rajshahi

Semitic writing from pictograph to alphabet / (Record no. 61604)

MARC details
000 -LEADER
fixed length control field 00916nam a2200277 a 4500
001 - CONTROL NUMBER
control field 61604
003 - CONTROL NUMBER IDENTIFIER
rucl marc code BD-RjUL
005 - DATE AND TIME OF LATEST TRANSACTION
control field 20211209081000.0
008 - FIXED-LENGTH DATA ELEMENTS--GENERAL INFORMATION
fixed length control field 500101s1954 enkabf b 001 0 eng c
035 ## - SYSTEM CONTROL NUMBER
System control number (BD-RjUL)61728
040 ## - CATALOGING SOURCE
Original cataloging agency Temple Univ. Library
Transcribing agency BCT
Modifying agency BD-RjUL
Language of cataloging eng
041 ## - LANGUAGE CODE
Language code of text/sound track or separate title eng
082 ## - DEWEY DECIMAL CLASSIFICATION NUMBER
Classification number 492
Edition number 23
Author mark and year DRS 1954
090 ## - LOCALLY ASSIGNED LC-TYPE CALL NUMBER (OCLC); LOCAL CALL NUMBER (OCLC)
Classification number (OCLC) (R) ; Classification number, CALL (RLIN) (NR) PJ3019
Local cutter number (OCLC) ; Book number/undivided call number, CALL (RLIN) .D7 1954
100 1# - MAIN ENTRY--PERSONAL NAME
Personal name Driver, G. R.
Fuller form of name (Godfrey Rolles),
Dates associated with a name 1892-1975.
9 (RLIN) 183535
245 10 - TITLE STATEMENT
Title Semitic writing from pictograph to alphabet /
Statement of responsibility, etc. G.R. Driver.
250 ## - EDITION STATEMENT
Edition statement Rev. ed
260 ## - PUBLICATION, DISTRIBUTION, ETC. (IMPRINT)
Place of publication, distribution, etc. London :
Name of publisher, distributor, etc. Published for the British Academy by Oxford University Press,
Date of publication, distribution, etc. 1954.
300 ## - PHYSICAL DESCRIPTION
Pagination xvi, 238 p. :
Illustrations ill. ;
Size 25 cm.
490 1# - SERIES STATEMENT
Series statement Schweich lectures ;
Volume/sequential designation 1944
504 ## - BIBLIOGRAPHY, ETC. NOTE
Bibliography, etc Includes bibliographical references and indexes.
650 #0 - SUBJECT ADDED ENTRY--TOPICAL TERM
Topical term or geographic name as entry element Semitic languages
9 (RLIN) 183536
Topical term or geographic name as entry element Alphabet.
9 (RLIN) 183537
830 #0 - SERIES ADDED ENTRY--UNIFORM TITLE
Uniform title Schweich lectures ;
Volume number/sequential designation 1944
942 ## - ADDED ENTRY ELEMENTS (KOHA)
Source of classification or shelving scheme Dewey Decimal Classification
Koha item type Books
Holdings
Lost status Source of classification or shelving scheme Damaged status Not for loan Collection code Permanent Location Current Location Shelving location Date acquired Source of acquisition Cost, normal purchase price Total Checkouts Full call number Date last seen Copy number Koha item type
  Dewey Decimal Classification   Not For Loan Non-fiction Central Library, University of Rajshahi Central Library, University of Rajshahi Reading Room 21/12/1956 B.H.Black well 1.10   492 DRS 1954 19/01/2017 C-1 Books